Statistics for NBA Top 25 All-Time Scorers: South American Edition!

Click here to take the quiz!

General Stats

  • This quiz has been taken 32 times
    (26 since last reset)
  • The average score is 8 of 25

Answer Stats

#PlayerPointsCountry% Correct
1Manu Ginóbili14,043Argentina
100%
3Leandro Barbosa9,035Brazil
70%
2Nenê10,909Brazil
70%
4Luis Scola8,882Argentina
61%
6Anderson Varejão4,574Brazil
48%
13Cristiano Felício1,078Brazil
39%
9Tiago Splitter2,816Brazil
39%
12Fabricio Oberto1,081Argentina
35%
16Facundo Campazzo728Argentina
35%
8Greivis Vásquez3,591Venezuela
35%
5Andrés Nocioni5,415Argentina
30%
T18Bruno Caboclo442Brazil
26%
7Carlos Delfino4,115Argentina
26%
11Raul Neto2,470Brazil
26%
14Pablo Prigioni946Argentina
22%
10Carl Herrera2,481Venezuela
17%
21Marcelo Huertas300Brazil
17%
25Nicolás Brussino150Argentina
17%
23Donta Smith165Venezuela
9%
17Lucas Nogueira446Brazil
9%
20Rafael Araújo389Brazil
9%
24Vítor Faverani164Brazil
9%
15Walter Herrmann819Argentina
9%
T18Óscar Torres442Venezuela
4%
22Rawle Marshall170Guyana
4%

Score Distribution

Percentile by Number Answered

Percent of People with Each Score

Your Score History

You have not taken this quiz since the last reset